000 00842nam1a22002651 4500
001 rc\2899318
005 20110729162047.2
035 _a(NLR Aleph) 007050739
090 _a6188185
_c6188185
100 _a20110729d1928 |||y0rusy50 ca
101 0 _arus
102 _aRU
105 _ay j |||||
200 1 _aПрактическая грамматика русского языка
205 _a13-е изд.
210 _aМосква
_aЛенинград
_cГос. изд-во
_d1928
_eМосква
215 _d22х16 см
225 1 _aУчебные пособия для школ I и II ступени
700 1 _aФридлянд
_bФ. А.
_gФанни Абрамовна
701 1 _aШалыт
_bЕ. Г.
801 0 _aRU
_bNLR
_gpsbo
801 1 _aRU
_bELAR
_2rusmarc
852 _aNLR
_j27/115 (2)
942 _cBOOK
980 _aNB